00560nmm a2200181Ia 4500008004100000020001800041041000800059100002900067245006000096264004500156300001800201650002300219700002900242700003200271856005100303942000700354999001700361251105s9999||||xx |||||||||||||||||und|| a9788492616121 aspa aMartin Escribà, Álex 0aGeografías en negro: Escenarios del género criminal a[Madrid, España] :bMontesinos, c2017 a304 páginas aLiterature, Theory aMartin Escribà, Álex1 a Sánchez Zapatero, Javier uhttps://public.digitaliapublishing.com/a/60061 cCF c68391d68391